ბათუმის შოთა რუსთაველის სახელმწიფო უნივერსიტეტის ბიბლიოთეკა

Курс математического анализа. ч.2 (ბიბ.ჩანაწერი № 48136)

000 -LEADER
fixed length control field 00614nam a2200205Ia 4500
001 - CONTROL NUMBER
control field 15017
003 - CONTROL NUMBER IDENTIFIER
control field GE_BSU
008 - FIXED-LENGTH DATA ELEMENTS--GENERAL INFORMATION
fixed length control field 181216s||||||||xx |||||||||||||| ||und||
040 ## - CATALOGING SOURCE
Transcribing agency GE_BSU
080 ## - UNIVERSAL DECIMAL CLASSIFICATION NUMBER
Universal Decimal Classification number 517(075.8)
100 ## - MAIN ENTRY--PERSONAL NAME
Personal name Бохан,К.А. Егорова, И.А. Лащенов,К.В.
245 ## - TITLE STATEMENT
Title Курс математического анализа. ч.2
245 ## - TITLE STATEMENT
Statement of responsibility, etc. Под.ред.Б.З.Вулиха
260 ## - PUBLICATION, DISTRIBUTION, ETC.
Place of publication, distribution, etc. Москва
260 ## - PUBLICATION, DISTRIBUTION, ETC.
Name of publisher, distributor, etc. Просвещение.
260 ## - PUBLICATION, DISTRIBUTION, ETC.
Date of publication, distribution, etc. 1972
300 ## - PHYSICAL DESCRIPTION
Extent 438стр.22см.
653 ## - INDEX TERM--UNCONTROLLED
Uncontrolled term Курс математического анализа
942 ## - ADDED ENTRY ELEMENTS (KOHA)
Koha item type წიგნი
ეგზემპლარები
Withdrawn status Lost status Damaged status Not for loan Date acquired Barcode Date last seen Price effective from Koha item type
        2018-12-17 17111 2018-12-17 2018-12-17 წიგნი
        2018-12-17 17112 2018-12-17 2018-12-17 წიგნი